000
00291nam a22001337a 4500
008
170424b xxu||||| |||| 00| 0 eng d
020
_a
2900321592315
041
_a
eng
080
_2
7TH
_a
547
100
_a
12
101
_a
SHM
245
_a
ORGANIC CHEMISTRY
_c
WADE, L.G
942
_2
udc
_c
BK
999
_c
11644
_d
11644